Present status of interschool basketball for girls in high schools, (Record no. 21155)

MARC details
000 -LEADER
fixed length control field 00780cam a22002411 4500
001 - CONTROL NUMBER
control field e 31000849
003 - CONTROL NUMBER IDENTIFIER
control field DLC
005 - DATE AND TIME OF LATEST TRANSACTION
control field 20260227111221.0
008 - FIXED-LENGTH DATA ELEMENTS--GENERAL INFORMATION
fixed length control field 880426s1930 tnu 000 0 eng
010 ## - LIBRARY OF CONGRESS CONTROL NUMBER
LC control number e 31000849
035 ## - SYSTEM CONTROL NUMBER
System control number (OCoLC)17849880
040 ## - CATALOGING SOURCE
Original cataloging agency DLC
Transcribing agency AU
Modifying agency DLC
042 ## - AUTHENTICATION CODE
Authentication code premarc
050 00 - LIBRARY OF CONGRESS CALL NUMBER
Classification number GV886
Item number .H6
100 1# - MAIN ENTRY--PERSONAL NAME
Personal name Hobt, Albert Watt,
Dates associated with a name 1893-
245 10 - TITLE STATEMENT
Title Present status of interschool basketball for girls in high schools,
Statement of responsibility, etc. by A. Watt Hobt.
260 ## - PUBLICATION, DISTRIBUTION, ETC.
Place of publication, distribution, etc. Knoxville,
Date of publication, distribution, etc. 1930.
300 ## - PHYSICAL DESCRIPTION
Extent [8] p.
Dimensions 24 cm.
490 0# - SERIES STATEMENT
Series statement The university of Tennessee record. Extension ser ;
Volume/sequential designation vol. vii, no. 1
500 ## - GENERAL NOTE
General note At head of title...Division of university extension, Department of Community service.
504 ## - BIBLIOGRAPHY, ETC. NOTE
Bibliography, etc. note "Reference" : p. [8]
650 #0 - SUBJECT ADDED ENTRY--TOPICAL TERM
Topical term or geographic name entry element Basketball.

No items available.

Powered by Koha